Mechanical Vibrations (Record no. 3881)

MARC details
000 -LEADER
fixed length control field 00334nam a2200145Ia 4500
008 - FIXED-LENGTH DATA ELEMENTS--GENERAL INFORMATION
fixed length control field 191201s2012 xx 000 0 und d
082 ## - DEWEY DECIMAL CLASSIFICATION NUMBER
Classification number 620.3
Item number GRM
100 ## - MAIN ENTRY--PERSONAL NAME
Personal name GROVER, G K
245 #0 - TITLE STATEMENT
Title Mechanical Vibrations
250 ## - EDITION STATEMENT
Edition statement Rep.
260 ## - PUBLICATION, DISTRIBUTION, ETC. (IMPRINT)
Place of publication, distribution, etc Roorki
Name of publisher, distributor, etc Nem Chand
Date of publication, distribution, etc 2012
300 ## - PHYSICAL DESCRIPTION
Extent 446
650 ## - SUBJECT ADDED ENTRY--TOPICAL TERM
Topical term or geographic name as entry element B.Tech(ME)
942 ## - ADDED ENTRY ELEMENTS (KOHA)
Source of classification or shelving scheme Dewey Decimal Classification
Koha item type Text Books
942 ## - ADDED ENTRY ELEMENTS (KOHA)
-- 1
Holdings
Withdrawn status Lost status Source of classification or shelving scheme Damaged status Not for loan Collection code Home library Current library Date acquired Cost, normal purchase price Bill Number Total Checkouts Full call number Acc. no. / Barcode Date last seen Bill Date Koha item type Date last borrowed Checked out
    Dewey Decimal Classification     B.Tech(ME) PIET C-LIBRARY PIET C-LIBRARY 26/02/2009 150.00 SI5831   620.3 GRM 11819 04/12/2019 16/02/2009 Text Books    
    Dewey Decimal Classification     B.Tech(ME) PIET C-LIBRARY PIET C-LIBRARY 26/02/2009 150.00 SI5831   620.3 GRM 11820 04/12/2019 16/02/2009 Text Books    
    Dewey Decimal Classification     B.Tech(ME) PIET C-LIBRARY PIET C-LIBRARY 26/02/2009 150.00 SI5831   620.3 GRM 11821 04/12/2019 16/02/2009 Text Books    
    Dewey Decimal Classification     B.Tech(ME) PIET C-LIBRARY PIET C-LIBRARY 26/02/2009 150.00 SI5831 1 620.3 GRM 11822 13/08/2024 16/02/2009 Text Books 30/07/2024  
    Dewey Decimal Classification     B.Tech(ME) PIET C-LIBRARY PIET C-LIBRARY 26/02/2009 150.00 SI5831   620.3 GRM 11823 04/12/2019 16/02/2009 Text Books    
    Dewey Decimal Classification     B.Tech(ME) PIET C-LIBRARY PIET C-LIBRARY 26/02/2009 150.00 SI5831   620.3 GRM 11824 04/12/2019 16/02/2009 Text Books    
    Dewey Decimal Classification     B.Tech(ME) PIET C-LIBRARY PIET C-LIBRARY 26/02/2009 150.00 SI5831   620.3 GRM 11825 04/12/2019 16/02/2009 Text Books    
    Dewey Decimal Classification     B.Tech(ME) PIET C-LIBRARY PIET C-LIBRARY 26/02/2009 150.00 SI5831   620.3 GRM 11826 04/12/2019 16/02/2009 Text Books    
    Dewey Decimal Classification     B.Tech(ME) PIET C-LIBRARY PIET C-LIBRARY 26/02/2009 150.00 SI5831   620.3 GRM 11827 04/12/2019 16/02/2009 Text Books    
    Dewey Decimal Classification     B.Tech(ME) PIET C-LIBRARY PIET C-LIBRARY 26/02/2009 150.00 SI5831 1 620.3 GRM 11828 27/10/2020 16/02/2009 Text Books 27/10/2020 10/11/2020

Design & Developed by: PIET Central Library
R70 Miles Stone Pattikalyana Samalkha Panipat 132102
mail ID :- [email protected], Phone No:- 0180-2569700 Ex.216